<?xml version="1.0" encoding="UTF-8"?>
<record
    xmlns:xsi="http://www.w3.org/2001/XMLSchema-instance"
    xsi:schemaLocation="http://www.loc.gov/MARC21/slim http://www.loc.gov/standards/marcxml/schema/MARC21slim.xsd"
    xmlns="http://www.loc.gov/MARC21/slim">

  <leader>01085nam a22001817a 4500</leader>
  <controlfield tag="008">121126t        xxu||||| |||| 00| 0 eng d</controlfield>
  <datafield tag="020" ind1=" " ind2=" ">
    <subfield code="a">9780415314930</subfield>
  </datafield>
  <datafield tag="050" ind1=" " ind2=" ">
    <subfield code="a">LC5215.J37</subfield>
  </datafield>
  <datafield tag="100" ind1=" " ind2=" ">
    <subfield code="a">Jarvis, Peter</subfield>
  </datafield>
  <datafield tag="245" ind1=" " ind2=" ">
    <subfield code="a">Adult education and lifelong learning: theory and practice. /</subfield>
    <subfield code="c">Peter Jarvis</subfield>
  </datafield>
  <datafield tag="250" ind1=" " ind2=" ">
    <subfield code="a">3rd ed.</subfield>
  </datafield>
  <datafield tag="260" ind1=" " ind2=" ">
    <subfield code="a">London:</subfield>
    <subfield code="b">Routledge Falmer,</subfield>
    <subfield code="c">c2004.</subfield>
  </datafield>
  <datafield tag="300" ind1=" " ind2=" ">
    <subfield code="a">xvii, 382 p.:</subfield>
    <subfield code="b">ill.;</subfield>
    <subfield code="c">23cm</subfield>
  </datafield>
  <datafield tag="500" ind1=" " ind2=" ">
    <subfield code="a">Includes index</subfield>
  </datafield>
  <datafield tag="505" ind1=" " ind2=" ">
    <subfield code="a">Contents: Towards a rationale for the provision of learning opportunities for adults -- From adult education to lifelong learning: a conceptual framework -- The Adult learner and adult learning -- Adults learning - some theorists' perspectives -- Teaching adults -- Some theoretical perspectives on teaching adults -- Distance education -- Assessing and evaluating -- Curriculum theory and programme planning -- Practice, theory and research -- The Professional preparation of teachers of adults -- The Provision of adult education and lifelong learning in the United Kingdom.</subfield>
  </datafield>
  <datafield tag="650" ind1=" " ind2=" ">
    <subfield code="b">Adult education.</subfield>
  </datafield>
  <datafield tag="942" ind1=" " ind2=" ">
    <subfield code="2">lcc</subfield>
    <subfield code="c">BK</subfield>
  </datafield>
  <datafield tag="999" ind1=" " ind2=" ">
    <subfield code="c">2592</subfield>
    <subfield code="d">10092</subfield>
  </datafield>
  <datafield tag="952" ind1=" " ind2=" ">
    <subfield code="0">0</subfield>
    <subfield code="1">0</subfield>
    <subfield code="2">lcc</subfield>
    <subfield code="4">0</subfield>
    <subfield code="7">0</subfield>
    <subfield code="a">WIUC-1</subfield>
    <subfield code="b">WIUC-1</subfield>
    <subfield code="c">Adult Education</subfield>
    <subfield code="d">2012-11-26</subfield>
    <subfield code="l">0</subfield>
    <subfield code="o">LC5215.J371</subfield>
    <subfield code="p">6224/12</subfield>
    <subfield code="r">2012-11-26 00:00:00</subfield>
    <subfield code="w">2012-11-26</subfield>
    <subfield code="y">BK</subfield>
  </datafield>
  <datafield tag="952" ind1=" " ind2=" ">
    <subfield code="0">0</subfield>
    <subfield code="1">0</subfield>
    <subfield code="2">lcc</subfield>
    <subfield code="4">0</subfield>
    <subfield code="7">0</subfield>
    <subfield code="a">WIUC-1</subfield>
    <subfield code="b">WIUC-1</subfield>
    <subfield code="c">Adult Education</subfield>
    <subfield code="d">2012-12-03</subfield>
    <subfield code="l">0</subfield>
    <subfield code="o">LC5215.J37</subfield>
    <subfield code="p">6822/12</subfield>
    <subfield code="r">2012-12-03 00:00:00</subfield>
    <subfield code="t">2</subfield>
    <subfield code="w">2012-12-03</subfield>
    <subfield code="y">BK</subfield>
  </datafield>
</record>
